Open Government in Tunisia: La Marsa, Sayada and Sfax

Salvato in:
Dettagli Bibliografici
Natura: Libro
Lingua:inglese
Pubblicazione: Paris OECD 2019
Serie:OECD Public Governance Reviews
Soggetti:
Tags: Aggiungi Tag
Nessun Tag, puoi essere il primo ad aggiungerne!!

MARC

LEADER 00000nam a2200000 4500
001 0267000
005 20221220065033.2
020 |a 978-92-64-31098-8 
041 0 |a eng 
044 |a FR 
245 1 0 |a Open Government in Tunisia: La Marsa, Sayada and Sfax 
264 1 |a Paris  |b OECD  |c 2019 
300 |a 80 s. 
490 1 |a OECD Public Governance Reviews 
830 0 |a OECD Public Governance Reviews 
610 2 0 |a správa verejná 
610 2 0 |a správa miestna 
610 2 0 |a spoločnosť občianska 
610 2 0 |a decentralizácia 
610 2 0 |a údaje štatistické 
610 2 0 |a Tunisko